00449nam a2200181Ia 4500008004100000020001800041050001400059100001800073245001700091245005000108260001500158260002400173260000900197300001600206300002700222300001000249500000800259170918s9999 xx 000 0 und d a9781416947202 bM958 2006 aMull, Brandon aFablehaven / cBrandon Mull ; illustrated by Brandon Dorman. aNew York : bAladdin Paperbacks, c2006 a351 pages : bcolored illustration ; c20cm. a700